| 000 | 00512nam a22001577a 4500 | ||
|---|---|---|---|
| 005 | 20240319112205.0 | ||
| 008 | 240319b ||||| |||| 00| 0 eng d | ||
| 040 | _cAL | ||
| 041 | _aeng | ||
| 082 |
_223 _a621.325 _bGENE |
||
| 245 |
_aGeneral Study of a Electrical Luminaries and Accessories Manufacturing Company: _bA Case Study of G M Lighting Industires Mangalore |
||
| 260 |
_aMangalore _bSt Aloysius College _c1997 |
||
| 650 |
_aManagement _9155252 |
||
| 700 |
_aPINTO (Praveen) _9155253 |
||
| 942 |
_2ddc _cPRO |
||
| 999 |
_c230502 _d230502 |
||